000
00300nam a22001337a 4500
008
170602b xxu||||| |||| 00| 0 eng d
020
_a
9780253215215
041
_a
eng
080
_a
94(5)
100
_a
17
101
_a
SHH
245
_a
EVERYDAY LIFE IN SOUTH ASIA
_c
MINES, D.P
942
_2
udc
_c
BK
999
_c
15712
_d
15712